03764cam a2200373 a 45000010009000000050017000090080041000260200030000670200027000970200022001240200025001460400050001710430012002210820025002332450170002582600095004283000052005235000024005755040041005995051421006405200715020616500060027766500071028366500046029076510053029536530025030066550024030317000040030557000035030957000060031309420025031909990017032159520158032321593107920141130110205.0091002s2010 xxkadk frb f001 0 eng d a9780521515160 (hardcover) a0521515165 (hardcover) a0521735807 (pbk.) a9780521735803 (pbk.) aDLCcDLCdC#PdBWXdYDXCPdCDXdDLCdEG-ScBUE an-us---00a330.1220973222bCON00aContemporary capitalism and its crises :bsocial structure of accumulation theory for the 21st century /cedited by Terrence McDonough, Michael Reich, David M. Kotz. aCambridge, United Kingdom ;aNew York, United States :bCambridge University Press,c2010. axiii, 360 p. :bcharts, forms, tables ;c23 cm. aIndex : p. 355-360. aIncludes bibliographical references.0 aIntroduction : social structure of accumulation theory for the 21st century / Terrence McDonough, Michael Reich, and David M. Kotz-The state of the art of social structure of accumulation theory / Terrence McDonough-Social structure of accumulation theory / Victor D. Lippit-A reconceptualization of social structure of accumulation theory / Martin H. Wolfson and David M. Kotz-Global neoliberalism and the contemporary social structure of accumulation / David M. Kotz and Terrence McDonough-Globalization or spatialization ? : the worldwide spatial restructuring of the labor process / Michael Wallace and David Brady-Financialization in the contemporary social structure of accumulation / William K. Tabb-Global neoliberalism and the possibility of transnational state structures / Emlyn Nardone and Terrence McDonough-Labor in the contemporary social structure of accumulation / Samuel Rosenberg-The rise of CEO pay and the contemporary social structure of accumulation in the United States / Robert Boyer-Social structures of accumulation and the criminal justice system / Susan M. Carlson ... [et al.]-The social structure of accumulation in South Africa / James Heintz-Social structures of accumulation and the condition of the working class in Mexico / Carlos Salas-Social structure of accumulation theory for the Arab world : the economies of Egypt, Jordan, and Kuwait in the regional system / Karen Pfeifer. a"This volume analyses contemporary capitalism and its crises based on a theory of capitalist evolution known as the social structure of accumulation (SSA) theory. It applies this theory to explain the severe financial and economic crisis that broke out in 2008 and the kind of changes required to resolve it. The editors and contributors make available new work within this school of thought on such issues as the rise and persistence of the "neoliberal," or "free-market," form of capitalism since 1980 and the growing globalization and financialization of the world economy. The collection includes analyses of the U.S. economy as well as that of several parts of the developing world"-Provided by publisher. 0aCapitalismzUnited StatesxHistory936656y21st century 0aSaving and investmentzUnited States936694xHistoryy21th century 0aGlobal Financial Crisis, 2008-2009912473 0aUnited StatesxEconomic conditionsy2009-936695 bBUSADMcNovember2014 vreading book9342321 aMcDonough, Terrence936696eeditor.1 aReich, Michael936697eeditor.1 aKotz, David M.q(David Michael),d1943-936698eeditor. 2ddck330.1220973 CON c18681d18653 00102ddc40708BaccahaMAINbMAINc1STd2014-11-30ePurchaseg182.00h20677l1o330.1220973 CONp000037063r2025-07-15 00:00:00s2017-11-28v227.50yBB